Rainwater harvesting for domestic properties (Record no. 114744)

MARC details
000 -LEADER
fixed length control field 00751cam a22002535a 4500
001 - CONTROL NUMBER
control field L157385
008 - FIXED-LENGTH DATA ELEMENTS--GENERAL INFORMATION
fixed length control field 110523s2012 xxka f 000 0 eng u
020 ## - INTERNATIONAL STANDARD BOOK NUMBER
International Standard Book Number 9781848062726
035 ## - SYSTEM CONTROL NUMBER
System control number (Sirsi) u157385
041 0# - LANGUAGE CODE
Language code of text/sound track or separate title eng
050 04 - LIBRARY OF CONGRESS CALL NUMBER
Classification number 696 $2 18
100 1# - MAIN ENTRY--PERSONAL NAME
Personal name Trotman, Peter
245 00 - TITLE STATEMENT
Title Rainwater harvesting for domestic properties
260 ## - PUBLICATION, DISTRIBUTION, ETC.
Place of publication, distribution, etc. Watford
Name of publisher, distributor, etc. IHS BRE
Date of publication, distribution, etc. 2012
300 ## - PHYSICAL DESCRIPTION
Extent 12p.
Other physical details ill.
Dimensions 30cm.
490 #0 - SERIES STATEMENT
Series statement BRE Good Building Guide
Volume/sequential designation GBG 82
520 ## - SUMMARY, ETC.
Summary, etc. Looks at systems for collecting rainwater for use in domestic properties for functions such as flushing toilets and irrigation.
521 ## - TARGET AUDIENCE NOTE
Target audience note Advanced
590 ## - LOCAL NOTE (RLIN)
Local note KA
651 #4 - SUBJECT ADDED ENTRY--GEOGRAPHIC NAME
Geographic name United Kingdom
Chronological subdivision
690 ## - LOCAL SUBJECT ADDED ENTRY--TOPICAL TERM (OCLC, RLIN)
Topical term or geographic name as entry element Utilities
9 (RLIN) 6272
700 1# - ADDED ENTRY--PERSONAL NAME
Personal name Griggs, John
942 ## - ADDED ENTRY ELEMENTS (KOHA)
Suppress in OPAC 0
Holdings
Withdrawn status Lost status Source of classification or shelving scheme Damaged status Not for loan Home library Current library Shelving location Date acquired Total Checkouts Full call number Barcode Date last seen Copy number Price effective from Koha item type
    Dewey Decimal Classification     London London BRE publications 21/11/2012   BRE 30078676 06/08/2019 1 06/08/2019 Book